[Event "Open Praha 2016"]
[Site "Praha CZE"]
[Date "2016.01.08"]
[Round "1.1"]
[White "Dufner, Andreas"]
[Black "Gundavaa, Bayarsaikhan"]
[Result "0-1"]
[WhiteElo "2054"]
[BlackElo "2507"]
[PlyCount "44"]
[EventDate "2016.01.08"]
[EventType "swiss"]
[EventRounds "9"]
[EventCountry "CZE"]
[Source "lmi"]
[SourceDate "2016.01.08"]

1. d4 Nf6 2. c4 e6 3. Nf3 d5 4. g3 Bb4+ 5. Bd2 Be7 6. Nc3 O-O 7. Bg2 dxc4 8.
Qa4 a6 9. Qxc4 b5 10. Qd3 Bb7 11. a3 c5 12. O-O Nbd7 13. Bf4 Qb6 14. Be3 Rac8
15. dxc5 Bxc5 16. Bxc5 Nxc5 17. Qe3 Rfd8 18. Rfd1 Ng4 19. Rxd8+ Rxd8 20. Qf4
Nxf2 21. Nd4 Ncd3 22. Qe3 Ng4 0-1

[Event "Open Praha 2016"]
[Site "Praha CZE"]
[Date "2016.01.08"]
[Round "1.2"]
[White "Jurcik, Marian"]
[Black "Hradecky, Ivo"]
[Result "1-0"]
[WhiteElo "2500"]
[BlackElo "2054"]
[PlyCount "45"]
[EventDate "2016.01.08"]
[EventType "swiss"]
[EventRounds "9"]
[EventCountry "CZE"]
[Source "lmi"]
[SourceDate "2016.01.08"]

1. e4 c5 2. Nf3 d6 3. d4 cxd4 4. Nxd4 Nf6 5. Nc3 g6 6. Bc4 Bg7 7. O-O O-O 8.
Re1 Nc6 9. Bb3 Bd7 10. Bg5 h6 11. Bh4 Nxd4 12. Qxd4 b5 13. Qd3 b4 14. Nd1 a5
15. a4 Kh7 16. Ne3 Rc8 17. Rad1 Nh5 18. Nd5 Re8 19. Qf3 Be6 20. e5 Bxe5 21.
Nxe7 Rxe7 22. Rxe5 g5 23. Bxg5 1-0

[Event "Open Praha 2016"]
[Site "Praha CZE"]
[Date "2016.01.08"]
[Round "1.3"]
[White "Krischke, Arnold"]
[Black "Frolov, Artur"]
[Result "0-1"]
[WhiteElo "2047"]
[BlackElo "2499"]
[PlyCount "88"]
[EventDate "2016.01.08"]
[EventType "swiss"]
[EventRounds "9"]
[EventCountry "CZE"]
[Source "lmi"]
[SourceDate "2016.01.08"]

1. c4 Nf6 2. Nc3 g6 3. Nf3 Bg7 4. g3 O-O 5. Bg2 c6 6. O-O d5 7. cxd5 cxd5 8. d4
Ne4 9. Nxe4 dxe4 10. Ne5 Qd5 11. f3 Nc6 12. Nxc6 bxc6 13. e3 exf3 14. Qxf3 Be6
15. Bd2 Rab8 16. Qxd5 Bxd5 17. Bxd5 cxd5 18. b3 Rfc8 19. Rac1 e6 20. Kf2 Bf8
21. Rxc8 Rxc8 22. Rc1 Rxc1 23. Bxc1 f5 24. h3 Kf7 25. Kf3 h5 26. a4 Bb4 27. Ke2
Bd6 28. Kf3 g5 29. Bd2 g4+ 30. hxg4 fxg4+ 31. Kf2 a6 32. b4 Bb8 33. Be1 Ke8 34.
e4 dxe4 35. Ke3 Kd7 36. Kxe4 Kc6 37. Bf2 Bc7 38. Be1 Bd6 39. Ke3 Kd5 40. Kd3
Bb8 41. b5 axb5 42. axb5 Ba7 43. Ba5 Bxd4 44. b6 Bf2 0-1

[Event "Open Praha 2016"]
[Site "Praha CZE"]
[Date "2016.01.08"]
[Round "1.4"]
[White "Teske, Henrik"]
[Black "Pick, Stepan"]
[Result "1-0"]
[WhiteElo "2461"]
[BlackElo "2046"]
[PlyCount "57"]
[EventDate "2016.01.08"]
[EventType "swiss"]
[EventRounds "9"]
[EventCountry "CZE"]
[Source "lmi"]
[SourceDate "2016.01.08"]

1. e4 d6 2. d4 Nf6 3. Nd2 g6 4. Ngf3 Bg7 5. c3 O-O 6. Bd3 Nc6 7. O-O Re8 8. b4
a6 9. a4 e5 10. d5 Ne7 11. c4 Nh5 12. Qb3 Nf4 13. c5 h6 14. Bc4 g5 15. Kh1 Kh8
16. Ba3 Ng8 17. b5 Bf8 18. c6 b6 19. bxa6 Bxa6 20. Bb4 Nf6 21. Ng1 Bxc4 22.
Qxc4 Qe7 23. Ra3 Rec8 24. Ne2 Nxe2 25. Qxe2 Ne8 26. Nc4 Qf6 27. Nxe5 dxe5 28.
Bxf8 Nd6 29. Bxh6 1-0

[Event "Open Praha 2016"]
[Site "Praha CZE"]
[Date "2016.01.08"]
[Round "1.5"]
[White "Cafolla, Peter"]
[Black "Sergeev, Vladimir"]
[Result "0-1"]
[WhiteElo "2045"]
[BlackElo "2452"]
[PlyCount "116"]
[EventDate "2016.01.08"]
[EventType "swiss"]
[EventRounds "9"]
[EventCountry "CZE"]
[Source "lmi"]
[SourceDate "2016.01.08"]

1. e4 Nf6 2. e5 Nd5 3. d4 d6 4. Bc4 Nb6 5. Bb3 Bf5 6. Qf3 Qc8 7. a4 e6 8. Ne2
dxe5 9. dxe5 Nc6 10. Qg3 Nd7 11. Bf4 Nc5 12. Nd2 Nb4 13. Nd4 Nxb3 14. Qxb3 Bg6
15. Rc1 Bc5 16. Be3 b6 17. O-O O-O 18. Nb5 Bxe3 19. Qxe3 Nxc2 20. Qc3 a6 21.
Nd4 Nxd4 22. Qxd4 Rd8 23. Qc3 Rd3 24. Qb4 a5 25. Qf4 Qd7 26. Nf3 c5 27. h3 Rd8
28. Rc3 Rd5 29. Re1 h6 30. b3 Kh7 31. Kh2 Rd3 32. Rxd3 Qxd3 33. Re3 Qc2 34. Qh4
Rd7 35. Ng5+ Kg8 36. Nf3 Rd1 37. Ne1 Qb2 38. f4 Qd4 39. Qg3 Be4 40. h4 Rd2 41.
Kh3 Rb2 42. Kh2 Qb4 43. Nd3 Bxd3 44. Rxd3 Rd2 45. Rd6 Rxd6 46. exd6 Qd4 47. f5
exf5 48. d7 f4 49. Qg4 Kf8 50. h5 Ke7 51. Qe2+ Kxd7 52. Qb5+ Kc7 53. Qe8 Qf6
54. Qa8 Kd6 55. Qf8+ Kd5 56. Qa8+ Kd4 57. Qf3 Qh4+ 58. Kg1 Qe1+ 0-1

[Event "Open Praha 2016"]
[Site "Praha CZE"]
[Date "2016.01.08"]
[Round "1.6"]
[White "Meister, Yakov"]
[Black "Kotlowski, Tomasz"]
[Result "1/2-1/2"]
[WhiteElo "2446"]
[BlackElo "2041"]
[PlyCount "84"]
[EventDate "2016.01.08"]
[EventType "swiss"]
[EventRounds "9"]
[EventCountry "CZE"]
[Source "lmi"]
[SourceDate "2016.01.08"]

1. c4 e5 2. Nc3 Nc6 3. e3 Nf6 4. Nf3 d5 5. cxd5 Nxd5 6. Bb5 Nxc3 7. bxc3 Bd7 8.
e4 a6 9. Bc4 Qf6 10. O-O Bc5 11. d4 exd4 12. e5 Qg6 13. cxd4 Bh3 14. Nh4 Qe4
15. Bg5 h6 16. Re1 Qxd4 17. Bxf7+ Kxf7 18. Qh5+ Kg8 19. Be3 Qg4 20. Qxg4 Bxg4
21. Bxc5 Kf7 22. h3 Be6 23. f4 g5 24. fxg5 hxg5 25. Nf3 Kg6 26. a4 Rhe8 27. Be3
g4 28. hxg4 Bxg4 29. Nh2 Nxe5 30. Bf4 Nd3 31. Rxe8 Rxe8 32. Bxc7 Bd7 33. Rd1
Re1+ 34. Rxe1 Nxe1 35. Kf2 Nxg2 36. Kxg2 Bxa4 37. Kf3 Kf5 38. Ke3 Bc6 39. Nf1
Kg4 40. Nd2 Bh1 41. Nc4 Kf5 42. Kd4 Ke6 1/2-1/2

[Event "Open Praha 2016"]
[Site "Praha CZE"]
[Date "2016.01.08"]
[Round "1.7"]
[White "Kierzek, Mira"]
[Black "Gavrilov, Alexei"]
[Result "0-1"]
[WhiteElo "2040"]
[BlackElo "2425"]
[PlyCount "142"]
[EventDate "2016.01.08"]
[EventType "swiss"]
[EventRounds "9"]
[EventCountry "CZE"]
[Source "lmi"]
[SourceDate "2016.01.08"]

1. d4 Nf6 2. c4 e6 3. Nc3 Bb4 4. e3 O-O 5. Nge2 d5 6. a3 Bd6 7. cxd5 exd5 8.
Ng3 Re8 9. Bd3 c5 10. dxc5 Bxc5 11. O-O Nc6 12. b4 Bb6 13. Bb2 Ne5 14. h3 d4
15. exd4 Nxd3 16. Qxd3 Qxd4 17. Qf3 Qh4 18. Na4 Bd4 19. Bxd4 Qxd4 20. Rad1 Qe5
21. Nc5 Rb8 22. Rfe1 Qxe1+ 23. Rxe1 Rxe1+ 24. Kh2 Re8 25. Nge4 Nxe4 26. Nxe4
Be6 27. Nd6 Red8 28. Qf4 b6 29. Ne4 Rbc8 30. Ng5 Bd5 31. Qf5 g6 32. Qf6 h6 33.
Nf3 Bxf3 34. Qxf3 Rc2 35. Qb7 Rxf2 36. Qxa7 Rdd2 37. Qa8+ Kg7 38. a4 Ra2 39.
Qc6 h5 40. a5 bxa5 41. bxa5 Rf5 42. Qc3+ Kh7 43. a6 Rxa6 44. g4 hxg4 45. hxg4
Rf2+ 46. Kg1 Raa2 47. Qc4 Rac2 48. Qd5 Rcd2 49. Qc4 Kh6 50. Qc5 Rg2+ 51. Kf1
Rdf2+ 52. Ke1 Rf4 53. Qe5 Rgxg4 54. Qh8+ Kg5 55. Qd8+ Rf6 56. Qd5+ Kh6 57. Ke2
Re6+ 58. Kf3 Rge4 59. Qd2+ Kg7 60. Qc3+ Kg8 61. Qc8+ Re8 62. Qc6 Re3+ 63. Kf2
Re2+ 64. Kf3 R8e3+ 65. Kf4 Kg7 66. Qc7 Re4+ 67. Kf3 R2e3+ 68. Kf2 Rb3 69. Qc6
Rf4+ 70. Ke2 Rh4 71. Qd6 Rh2+ 0-1

[Event "Open Praha 2016"]
[Site "Praha CZE"]
[Date "2016.01.08"]
[Round "1.8"]
[White "Rydl, Jiri"]
[Black "Oglaza, Oskar"]
[Result "1/2-1/2"]
[WhiteElo "2412"]
[BlackElo "2029"]
[PlyCount "116"]
[EventDate "2016.01.08"]
[EventType "swiss"]
[EventRounds "9"]
[EventCountry "CZE"]
[Source "lmi"]
[SourceDate "2016.01.08"]

1. c4 Nf6 2. g3 c5 3. Bg2 e6 4. Nf3 Nc6 5. O-O Qc7 6. Nc3 a6 7. d4 cxd4 8. Nxd4
Be7 9. Nb3 d6 10. Bf4 Nh5 11. Be3 Rb8 12. Rc1 Ne5 13. Ne4 b6 14. Qd4 Nc6 15.
Qd2 Nf6 16. Nxf6+ Bxf6 17. Rfd1 Be7 18. Bf4 e5 19. Be3 Be6 20. Qd3 O-O 21. Nd2
f5 22. Bd5 Qd7 23. f4 g6 24. a3 Rfc8 25. Bxe6+ Qxe6 26. Qd5 Nd8 27. Nf3 e4 28.
Nd4 Qxd5 29. cxd5 b5 30. Nc6 Nxc6 31. dxc6 Rc7 32. Rc2 Kf7 33. Bd2 Ke6 34. Ba5
Ra7 35. Kf2 d5 36. e3 Bd6 37. h3 Bc7 38. Bc3 Rg8 39. g4 Raa8 40. g5 Raf8 41.
Bf6 Rc8 42. Bd4 Rcf8 43. h4 Rf7 44. Ra1 Bd6 45. a4 b4 46. Bb6 Bc7 47. a5 Rb8
48. Rd1 Bd6 49. b3 Rc8 50. Rh1 h5 51. gxh6 Rh7 52. c7 Rxh6 53. Rd2 Rch8 54. Kg2
R6h7 55. Rc2 Rc8 56. Kh3 Kd7 57. Kg2 Rch8 58. Rd2 Bxc7 1/2-1/2

[Event "Open Praha 2016"]
[Site "Praha CZE"]
[Date "2016.01.08"]
[Round "1.9"]
[White "Yapar, Nedim"]
[Black "Manik, Mikulas"]
[Result "0-1"]
[WhiteElo "2021"]
[BlackElo "2406"]
[PlyCount "100"]
[EventDate "2016.01.08"]
[EventType "swiss"]
[EventRounds "9"]
[EventCountry "CZE"]
[Source "lmi"]
[SourceDate "2016.01.08"]

1. e4 c5 2. Nf3 Nc6 3. d4 cxd4 4. Nxd4 Nf6 5. Nc3 d6 6. Bg5 a6 7. Qd2 e6 8.
O-O-O Be7 9. f3 Bd7 10. h4 h6 11. Be3 h5 12. Kb1 Ne5 13. Bg5 b5 14. f4 Neg4 15.
a3 Qc7 16. Bd3 Qb6 17. Bf1 b4 18. axb4 Qxb4 19. Nb3 Bc6 20. Bd3 a5 21. Nb5 O-O
22. N3d4 Qxd2 23. Rxd2 Bxe4 24. Bxe4 Nxe4 25. Bxe7 Nxd2+ 26. Kc1 Ne4 27. Bxf8
Kxf8 28. Rh3 e5 29. fxe5 dxe5 30. Nc6 a4 31. Rd3 Nef6 32. Nd6 e4 33. Rc3 e3 34.
Nd4 Nd5 35. Rc5 Ngf6 36. c4 Nf4 37. Rc7 e2 38. Nf3 a3 39. bxa3 Rxa3 40. Rxf7+
Kg8 41. Re7 Nxg2 42. Rxe2 Nf4 43. Rc2 Rxf3 44. c5 N6d5 45. c6 Nd3+ 46. Kd2 Rf2+
47. Kxd3 Nb4+ 48. Kc3 Rxc2+ 49. Kxb4 Rxc6 50. Nc4 g5 0-1

[Event "Open Praha 2016"]
[Site "Praha CZE"]
[Date "2016.01.08"]
[Round "1.11"]
[White "Mindl, Josef"]
[Black "Rzayev, Bahruz"]
[Result "0-1"]
[WhiteElo "2016"]
[BlackElo "2400"]
[PlyCount "38"]
[EventDate "2016.01.08"]
[EventType "swiss"]
[EventRounds "9"]
[EventCountry "CZE"]
[Source "lmi"]
[SourceDate "2016.01.08"]

1. e4 e5 2. Nf3 Nc6 3. Bb5 Nge7 4. O-O a6 5. Ba4 g6 6. d4 exd4 7. Nxd4 Bg7 8.
Be3 O-O 9. Nc3 b5 10. Bb3 Na5 11. Nf3 d6 12. Qc1 c5 13. Bd5 Nxd5 14. Nxd5 Re8
15. Nd2 Bb7 16. Re1 f5 17. f3 Bxd5 18. exd5 Rxe3 19. Rxe3 Bd4 0-1

[Event "Open Praha 2016"]
[Site "Praha CZE"]
[Date "2016.01.08"]
[Round "1.18"]
[White "Ivanov, Mikhail M"]
[Black "Hackel, Ludek"]
[Result "1-0"]
[WhiteElo "2359"]
[BlackElo "1998"]
[PlyCount "61"]
[EventDate "2016.01.08"]
[EventType "swiss"]
[EventRounds "9"]
[EventCountry "CZE"]
[Source "lmi"]
[SourceDate "2016.01.08"]

1. d4 Nf6 2. Nf3 g6 3. Nbd2 Bg7 4. e4 d6 5. Bd3 O-O 6. O-O Nbd7 7. Re1 e5 8. c3
Re8 9. a4 c6 10. a5 Qc7 11. Bf1 Nf8 12. dxe5 dxe5 13. Nc4 Rd8 14. Qc2 Nh5 15.
Be3 Be6 16. Red1 Bg4 17. Rxd8 Rxd8 18. Bxa7 Bxf3 19. Bb6 Qe7 20. Bxd8 Qxd8 21.
gxf3 Nf4 22. Ne3 Qh4 23. Qb3 N8e6 24. Qxb7 h5 25. Qc8+ Kh7 26. Bg2 Ng5 27. a6
Ngh3+ 28. Bxh3 Nxh3+ 29. Qxh3 Qxh3 30. a7 Bh6 31. Ng2 1-0

[Event "Open Praha 2016"]
[Site "Praha CZE"]
[Date "2016.01.08"]
[Round "1.22"]
[White "Radionov, Timur"]
[Black "Darnell, Anton"]
[Result "1/2-1/2"]
[WhiteElo "2321"]
[BlackElo "1979"]
[PlyCount "72"]
[EventDate "2016.01.08"]
[EventType "swiss"]
[EventRounds "9"]
[EventCountry "CZE"]
[Source "lmi"]
[SourceDate "2016.01.08"]

1. e4 c5 2. Nc3 e6 3. Nge2 a6 4. g3 b5 5. Bg2 Bb7 6. O-O d6 7. d4 cxd4 8. Nxd4
Nf6 9. Re1 Qc7 10. a3 Be7 11. Qe2 Nbd7 12. Bg5 h6 13. Be3 Ne5 14. Rad1 Nc4 15.
Bc1 O-O 16. f4 Rac8 17. Rd3 Nd7 18. g4 Bf6 19. Qf2 Qb6 20. b3 Nxa3 21. Bxa3
Rxc3 22. e5 Rxd3 23. cxd3 dxe5 24. Bxf8 exf4 25. Nf3 Qxf2+ 26. Kxf2 Kxf8 27.
Rc1 Bxf3 28. Kxf3 Ne5+ 29. Ke4 Nxg4 30. Rc8+ Ke7 31. Kxf4 Nf2 32. Bf1 e5+ 33.
Kg3 Nd1 34. Ra8 Ne3 35. Bh3 Nc2 36. Rxa6 Nd4 1/2-1/2

[Event "Open Praha 2016"]
[Site "Praha CZE"]
[Date "2016.01.08"]
[Round "1.29"]
[White "Gerritse, Youri"]
[Black "Svana, Peter"]
[Result "0-1"]
[WhiteElo "1971"]
[BlackElo "2272"]
[PlyCount "58"]
[EventDate "2016.01.08"]
[EventType "swiss"]
[EventRounds "9"]
[EventCountry "CZE"]
[Source "lmi"]
[SourceDate "2016.01.08"]

1. e4 c5 2. c3 Nf6 3. e5 Nd5 4. Bc4 Nb6 5. Bb3 c4 6. Bc2 Nc6 7. Nf3 d5 8. exd6
Qxd6 9. Qe2 Bg4 10. b3 cxb3 11. axb3 Nd5 12. d4 e6 13. O-O Be7 14. Bd2 a6 15.
Na3 Rc8 16. Nc4 Qc7 17. Ne3 Nf4 18. Qd1 Bh5 19. Nc4 Rd8 20. Bxf4 Qxf4 21. Qc1
Qc7 22. Qe3 Bf6 23. Rfe1 Ne7 24. Nfe5 Bg6 25. Rec1 Nd5 26. Qg3 b5 27. Nxg6 Qxg3
28. hxg3 hxg6 29. Ne5 Nxc3 0-1

[Event "Open Praha 2016"]
[Site "Praha CZE"]
[Date "2016.01.08"]
[Round "1.37"]
[White "Novak, Vaclav"]
[Black "Jacobi, Robin"]
[Result "0-1"]
[WhiteElo "1951"]
[BlackElo "2268"]
[PlyCount "82"]
[EventDate "2016.01.08"]
[EventType "swiss"]
[EventRounds "9"]
[EventCountry "CZE"]
[Source "lmi"]
[SourceDate "2016.01.08"]

1. e4 c5 2. Nf3 Nc6 3. d4 cxd4 4. Nxd4 Nf6 5. Nc3 d6 6. Be2 g6 7. Be3 Bg7 8. f3
O-O 9. Qd2 Nxd4 10. Bxd4 Qa5 11. O-O Be6 12. Rad1 Rac8 13. f4 Bc4 14. Bxc4 Rxc4
15. Qd3 Rfc8 16. f5 Rxd4 17. Qxd4 Ng4 18. e5 Nxe5 19. f6 Bxf6 20. Rxf6 exf6 21.
Qxd6 Kg7 22. Rd5 Qc7 23. Qxc7 Rxc7 24. Kf2 a6 25. Ke2 Ng4 26. Kf3 h5 27. h3
Ne5+ 28. Ke2 h4 29. Rd4 g5 30. Kd1 Rc4 31. Ne2 Rxd4+ 32. Nxd4 Nc4 33. Nf5+ Kg6
34. Ne7+ Kh5 35. Nd5 Nxb2+ 36. Kc1 Nc4 37. Nxf6+ Kg6 38. Nd5 Kf5 39. c3 Ke5 40.
Nb4 Ke4 41. Kc2 Ne3+ 0-1

[Event "Open Praha 2016"]
[Site "Praha CZE"]
[Date "2016.01.08"]
[Round "1.42"]
[White "Chekletsov, Ilya"]
[Black "Petras, Milan"]
[Result "0-1"]
[WhiteElo "2246"]
[BlackElo "1931"]
[PlyCount "58"]
[EventDate "2016.01.08"]
[EventType "swiss"]
[EventRounds "9"]
[EventCountry "CZE"]
[Source "lmi"]
[SourceDate "2016.01.08"]

1. d4 e6 2. c4 Bb4+ 3. Bd2 Qe7 4. g3 Nf6 5. Bg2 O-O 6. Nf3 Ne4 7. a3 Bxd2+ 8.
Nbxd2 Nxd2 9. Qxd2 d6 10. Qc3 Re8 11. e4 e5 12. d5 f5 13. exf5 Bxf5 14. O-O Nd7
15. b4 Nf6 16. Rae1 Ne4 17. Qe3 Nf6 18. Qb3 Qf7 19. Rd1 Qh5 20. Nd2 e4 21. Rfe1
Re5 22. c5 Rf8 23. Nf1 Bg4 24. Rd2 Bh3 25. Bxh3 Qxh3 26. f4 Re7 27. Ne3 Ng4 28.
c6 b6 29. Rde2 Nxh2 0-1

[Event "Open Praha 2016"]
[Site "Praha CZE"]
[Date "2016.01.08"]
[Round "1.48"]
[White "Golcman, Evgeny"]
[Black "Balkova, Anna"]
[Result "1-0"]
[WhiteElo "2221"]
[BlackElo "1920"]
[PlyCount "49"]
[EventDate "2016.01.08"]
[EventType "swiss"]
[EventRounds "9"]
[EventCountry "CZE"]
[Source "lmi"]
[SourceDate "2016.01.08"]

1. c4 c5 2. Nc3 e6 3. Nf3 d5 4. cxd5 exd5 5. d4 Nf6 6. g3 cxd4 7. Nxd4 Be7 8.
Bg2 O-O 9. O-O Nc6 10. Be3 Be6 11. Rc1 Rc8 12. Na4 Nxd4 13. Qxd4 b5 14. Nc5
Bxc5 15. Rxc5 Rxc5 16. Qxc5 Qb6 17. Qxf8+ Kxf8 18. Bxb6 axb6 19. Rc1 Ke7 20.
Rc6 Nd7 21. e3 d4 22. exd4 Bxa2 23. b4 Bc4 24. Bh3 Be6 25. Bf1 1-0

[Event "Open Praha 2016"]
[Site "Praha CZE"]
[Date "2016.01.08"]
[Round "1.52"]
[White "Koehler, Gerhard"]
[Black "Pesola, Jyrki"]
[Result "1/2-1/2"]
[WhiteElo "2202"]
[BlackElo "1907"]
[PlyCount "74"]
[EventDate "2016.01.08"]
[EventType "swiss"]
[EventRounds "9"]
[EventCountry "CZE"]
[Source "lmi"]
[SourceDate "2016.01.08"]

1. c4 f5 2. g3 Nf6 3. Bg2 d6 4. d4 e6 5. Nc3 Be7 6. Nh3 O-O 7. O-O c6 8. e4
fxe4 9. Nxe4 Nxe4 10. Bxe4 e5 11. Bg2 Bf5 12. dxe5 dxe5 13. Qb3 Qb6 14. Qc3 Qd4
15. Qxd4 exd4 16. Rd1 Bf6 17. Bf4 Bc2 18. Bd6 Rd8 19. c5 d3 20. Be4 Bxb2 21.
Rab1 Bxb1 22. Rxb1 d2 23. Bc2 Bf6 24. Rxb7 Na6 25. Kg2 Bd4 26. Ng5 Nxc5 27.
Bxc5 Bxc5 28. Bb3+ Rd5 29. Bxd5+ cxd5 30. Rb1 Re8 31. Kf1 Bb4 32. Nf3 Bc3 33.
Rd1 Re4 34. Nxd2 Ra4 35. Nf3 d4 36. a3 a5 37. Ke2 Rxa3 1/2-1/2

[Event "Open Praha 2016"]
[Site "Praha CZE"]
[Date "2016.01.08"]
[Round "1.53"]
[White "Pavlicek, Petr"]
[Black "Volodin, Viktor"]
[Result "1/2-1/2"]
[WhiteElo "1898"]
[BlackElo "2201"]
[PlyCount "54"]
[EventDate "2016.01.08"]
[EventType "swiss"]
[EventRounds "9"]
[EventCountry "CZE"]
[Source "lmi"]
[SourceDate "2016.01.08"]

1. c4 e6 2. d4 d5 3. Nf3 Nf6 4. g3 dxc4 5. Bg2 c5 6. Qa4+ Bd7 7. Qxc4 Nc6 8.
dxc5 Qa5+ 9. Bd2 Qxc5 10. Qxc5 Bxc5 11. Nc3 O-O 12. O-O h6 13. Rac1 Be7 14.
Rfd1 e5 15. e4 Be6 16. h3 Bb4 17. a3 Bxc3 18. Bxc3 Nxe4 19. Bxe5 Rfd8 20. Bf4
Bb3 21. Re1 f5 22. Ne5 Bd5 23. g4 Nxe5 24. Bxe5 Ng5 25. Rc7 Nf7 26. Bxd5 Rxd5
27. Bc3 fxg4 1/2-1/2

[Event "Open Praha 2016"]
[Site "Praha CZE"]
[Date "2016.01.08"]
[Round "1.63"]
[White "Karneges, William"]
[Black "Hrbolka-Sen., Ladislav"]
[Result "1-0"]
[WhiteElo "1854"]
[BlackElo "2147"]
[PlyCount "57"]
[EventDate "2016.01.08"]
[EventType "swiss"]
[EventRounds "9"]
[EventCountry "CZE"]
[Source "lmi"]
[SourceDate "2016.01.08"]

1. d4 c5 2. d5 e5 3. c4 d6 4. Nc3 Be7 5. e4 Bg5 6. Bd3 Bxc1 7. Qxc1 Ne7 8. Nge2
O-O 9. Ng3 Ng6 10. O-O Nd7 11. Qe3 Nf6 12. f3 a6 13. Rab1 Nf4 14. b4 cxb4 15.
Rxb4 Nd7 16. Bc2 b5 17. cxb5 axb5 18. Rfb1 Ba6 19. Nf5 Rc8 20. Re1 Qa5 21. Ne7+
Kh8 22. Rb3 b4 23. Nc6 Rxc6 24. dxc6 Nc5 25. Nd5 Nxb3 26. Bxb3 Ne6 27. Rc1 Nd4
28. c7 Ne2+ 29. Qxe2 1-0

[Event "Open Praha 2016"]
[Site "Praha CZE"]
[Date "2016.01.09"]
[Round "2.1"]
[White "Gundavaa, Bayarsaikhan"]
[Black "Postupa, Pavel"]
[Result "1-0"]
[WhiteElo "2507"]
[BlackElo "2233"]
[PlyCount "81"]
[EventDate "2016.01.08"]
[EventType "swiss"]
[EventRounds "9"]
[EventCountry "CZE"]
[Source "lmi"]
[SourceDate "2016.01.08"]

1. e4 c5 2. Nf3 d6 3. d4 cxd4 4. Nxd4 Nf6 5. Nc3 a6 6. g3 e5 7. Nde2 b5 8. Bg2
Nbd7 9. Nd5 Nxd5 10. Qxd5 Qc7 11. O-O Nb6 12. Qd3 Be7 13. b3 O-O 14. Be3 b4 15.
c4 a5 16. a3 Bg4 17. f3 Be6 18. axb4 axb4 19. Qd2 Rab8 20. Ra2 Rb7 21. Rfa1
Rfb8 22. f4 f6 23. f5 Bf7 24. g4 Nd7 25. h4 Nc5 26. Nc1 Bd8 27. Kh2 Qc6 28. g5
Bb6 29. Qe1 Nd7 30. Ra6 Qc7 31. Nd3 Nc5 32. Nxc5 Bxc5 33. Qg3 Kh8 34. Bxc5 dxc5
35. gxf6 gxf6 36. Rxf6 Rg8 37. Qe3 Qe7 38. Qh6 Rd7 39. Rfa6 Rg4 40. f6 Qe8 41.
Bh3 1-0

[Event "Open Praha 2016"]
[Site "Praha CZE"]
[Date "2016.01.09"]
[Round "2.2"]
[White "Brzezinski, Adam"]
[Black "Jurcik, Marian"]
[Result "0-1"]
[WhiteElo "2238"]
[BlackElo "2500"]
[PlyCount "114"]
[EventDate "2016.01.08"]
[EventType "swiss"]
[EventRounds "9"]
[EventCountry "CZE"]
[Source "lmi"]
[SourceDate "2016.01.08"]

1. d4 Nf6 2. c4 e6 3. Nc3 Bb4 4. a3 Bxc3+ 5. bxc3 c5 6. e3 b6 7. Bd3 Bb7 8. f3
Nc6 9. Ne2 Na5 10. e4 d6 11. O-O Nd7 12. f4 Ba6 13. Ng3 Bxc4 14. Bxc4 Nxc4 15.
f5 Qh4 16. Qe2 Na5 17. Rb1 e5 18. f6 g6 19. dxc5 dxc5 20. Qb5 Qg4 21. Bh6 Qe6
22. Rfd1 Qc6 23. Qa6 Nxf6 24. Bg7 Rg8 25. Bxf6 Qxf6 26. Rd5 Qe6 27. Rbd1 Kf8
28. Nf1 Kg7 29. Ne3 Rge8 30. Qe2 h5 31. Qf3 Qf6 32. Qg3 Qf4 33. Nf5+ Kf8 34.
Qh3 gxf5 35. Qxh5 Qg4 36. Qh8+ Qg8 37. Qf6 Qg7 38. Qxf5 Re6 39. Rf1 Qg6 40. Qh3
Rae8 41. Rd7 Qg7 42. Rfxf7+ Qxf7 43. Rxf7+ Kxf7 44. Qh7+ Kf8 45. g4 Nc6 46. g5
Ne7 47. h4 Rg6 48. Kf2 Rg7 49. Qh6 Ng6 50. h5 Nf4 51. g6 Kg8 52. Ke3 Rd8 53.
Kf3 Rf8 54. Ke3 Rd7 55. g7 Rxg7 56. Qd6 Rg3+ 57. Kd2 Rd3+ 0-1

[Event "Open Praha 2016"]
[Site "Praha CZE"]
[Date "2016.01.09"]
[Round "2.3"]
[White "Frolov, Artur"]
[Black "Golcman, Evgeny"]
[Result "1-0"]
[WhiteElo "2499"]
[BlackElo "2221"]
[PlyCount "73"]
[EventDate "2016.01.08"]
[EventType "swiss"]
[EventRounds "9"]
[EventCountry "CZE"]
[Source "lmi"]
[SourceDate "2016.01.08"]

1. e4 e5 2. Nf3 Nc6 3. Bb5 g6 4. O-O Bg7 5. c3 d6 6. d4 Bd7 7. d5 Nce7 8. Bxd7+
Qxd7 9. c4 h6 10. Nc3 f5 11. Ne1 Nf6 12. f3 O-O 13. Nd3 c6 14. Bd2 Kh7 15. Rc1
h5 16. Qe2 cxd5 17. cxd5 Bh6 18. Bxh6 Kxh6 19. f4 fxe4 20. fxe5 dxe5 21. Nc5
Qd6 22. Qe3+ Kh7 23. Ne6 Nexd5 24. Nxf8+ Rxf8 25. Nxd5 Nxd5 26. Qxe4 Nf4 27. g3
Nh3+ 28. Kg2 Rxf1 29. Rxf1 Ng5 30. Qxb7+ Kh6 31. h4 Nh7 32. Rf7 Nf6 33. Qa8 Nh7
34. Qxa7 Qc6+ 35. Kh2 Qc2+ 36. Qf2 Qc1 37. a4 1-0

[Event "Open Praha 2016"]
[Site "Praha CZE"]
[Date "2016.01.09"]
[Round "2.4"]
[White "Stefanov, Emil"]
[Black "Teske, Henrik"]
[Result "0-1"]
[WhiteElo "2228"]
[BlackElo "2461"]
[PlyCount "116"]
[EventDate "2016.01.08"]
[EventType "swiss"]
[EventRounds "9"]
[EventCountry "CZE"]
[Source "lmi"]
[SourceDate "2016.01.08"]

1. d4 Nf6 2. c4 e6 3. Nf3 c5 4. d5 b5 5. Bg5 b4 6. e4 d6 7. Nbd2 Be7 8. Bf4 e5
9. Bg3 Nh5 10. Bd3 O-O 11. a4 g6 12. Ng1 Nd7 13. Ne2 Bg5 14. Qc2 f5 15. exf5
gxf5 16. f3 Qf6 17. O-O-O Rf7 18. Kb1 Nf8 19. b3 Rg7 20. Bf2 Bd7 21. g3 Re8 22.
Rhf1 Rf7 23. Nc1 Qh6 24. Bg1 Ng6 25. Rfe1 Ref8 26. Nf1 Qg7 27. Nd2 Bh6 28. Nf1
Qf6 29. Nd2 Bg7 30. Qb2 Bh8 31. Ne2 Qg7 32. Nc1 Nf6 33. Ne2 Qh6 34. Qc2 Qh5 35.
Nc1 Re8 36. Qa2 Rfe7 37. Be2 Qh6 38. Qc2 Qg7 39. Qb2 e4 40. f4 h5 41. Be3 Qh6
42. Qc2 h4 43. Rg1 Rh7 44. Rg2 Kf7 45. Rdg1 Ke7 46. a5 Kd8 47. Na2 Bc8 48. Nf1
hxg3 49. hxg3 Qg7 50. Kc1 Qc7 51. a6 Bxa6 52. g4 fxg4 53. Bxg4 Nh4 54. Rh2 Nxg4
55. Rxg4 Nf5 56. Rxh7 Qxh7 57. Qg2 Bf6 58. Rg6 Nh4 0-1

[Event "Open Praha 2016"]
[Site "Praha CZE"]
[Date "2016.01.09"]
[Round "2.5"]
[White "Sergeev, Vladimir"]
[Black "Michalczak, Thomas"]
[Result "1/2-1/2"]
[WhiteElo "2452"]
[BlackElo "2215"]
[PlyCount "88"]
[EventDate "2016.01.08"]
[EventType "swiss"]
[EventRounds "9"]
[EventCountry "CZE"]
[Source "lmi"]
[SourceDate "2016.01.08"]

1. g3 e5 2. c4 Nc6 3. Bg2 Bc5 4. Nc3 a6 5. e3 d6 6. Nge2 Ba7 7. a3 h5 8. h3 h4
9. g4 g6 10. Nd5 f5 11. gxf5 gxf5 12. d3 Nce7 13. Bd2 Nxd5 14. cxd5 Nf6 15. Qb3
Bb6 16. O-O-O Qe7 17. d4 e4 18. Nf4 Qf7 19. Bb4 Bd7 20. Bxd6 cxd6 21. Qxb6 Ke7
22. Qa5 Rhc8+ 23. Kd2 b6 24. Qb4 Nxd5 25. Qb3 Nxf4 26. Qxf7+ Kxf7 27. exf4 Rc4
28. Ke3 Rc2 29. Rd2 Rac8 30. Rhd1 Bb5 31. d5 Rxd2 32. Rxd2 Rc1 33. f3 Re1+ 34.
Kf2 e3+ 35. Kxe1 exd2+ 36. Kxd2 Bc4 37. Ke3 a5 38. Kd4 Be2 39. Ke3 Bc4 40. Kd4
Bb5 41. b4 axb4 42. axb4 Ke7 43. Ke3 Kd7 44. Kf2 Bc4 1/2-1/2